000 00516nam a2200205Ia 4500
003 OSt
005 20230502113458.0
008 210423s2003 xx 000 0 und d
040 _cAL
041 _aeng
082 _a574.87 SUNS
100 _aSUNDARA RAJAN (S).
_995872
245 _aIntroduction to cell biology.
260 _aNew Delhi
_bW H Freeman & Co.
_c2003
300 _aix,387
365 _b195
_cINR
650 _aCell Biology
_995873
906 _abiology. ; cell ; Introduction
942 _2ddc
_cBK
999 _c162957
_d162957